| 000 | 00886nam a22002417a 4500 | ||
|---|---|---|---|
| 003 | DO-SdBNP | ||
| 005 | 20210916091639.0 | ||
| 007 | ta | ||
| 008 | 210916e2018 dr a|||gr|||| 001 0dspa d | ||
| 020 | _a9789945912005 | ||
| 040 |
_aDO-SdBNP _bspa _cBNPHU |
||
| 082 | _bR696ob | ||
| 100 | 1 |
_aRodríguez Sánchez, María, _d1966 _979905 |
|
| 245 | 1 | 0 |
_aObsolescencia programada y consumo sostenible: _bnuesvos desafío para la humanidad / _cMaría Rodríguez Sánchez; Noris Decena, ed.; Altagracia Paulino, pról. |
| 260 |
_aSanto Domingo : _bONPECO, _c2018 |
||
| 300 |
_a144 p.: _bil.; _c23 cm |
||
| 500 | _aIncluye datos biográficos de la autora en la cubirta. | ||
| 590 | _aInventariado 2021 / MF | ||
| 700 | 1 | 2 |
_935081 _aDecena, Noris |
| 700 | 1 | 2 |
_940393 _aPaulino, Altagracia |
| 830 |
_aObservatorio Nacional para la protección del consumidor (ONPECO) _979906 |
||
| 942 |
_2ddc _cLBS1 |
||
| 999 |
_c50533 _d50533 |
||